|
|
แสดงรายละเอียดบรรณานุกรม |
|
|
Brief Record
: Get Marc (ISO 2709)
: E-mail record
: |
|
|
| LEADER 00000nama 2200000uu 4500 | |||
| 008 040531s|||| th m m a000 0 tha d | |||
| 020 9789744179395 | |||
| 041 tha | |||
| 050 อ CR6080 ก528 2551 | |||
| 100 กรมศิลปากร. | |||
| 245 เครื่องประกอบพระราชอิสริยยศ สมเด็จพระเจ้าพี่นางเธอ เจ้าฟ้ากัลยาณิวัฒนา กรมหลวงนราธิวาสราชนครินทร์/กรมศิลปากร. | |||
| 260 2551. กรุงเทพฯ. กรม. | |||
| 300 340 หน้า. | |||
| 650 1.เครื่องประกอบพระราชอิสริยยศ 2.นราธิวาสราชนครินทร์,สมเด็จพระเจ้าพี่นางเธอเจ้าฟ้า,กรมหลวง--. | |||
| 995 002 | |||
| คุณยังไม่ได้ล็อกอิน คุณสามารถมีกิจกรรมร่วมกับเว็บไซต์ได้ แต่ต้องล็อกอินก่อน :: |
|
| สถานะ | |||||||||
| 1. | หนังสือทั่วไป | อ CR6080 ก528 2551 | On Shelf ขอยืม | ||||||
| [แสดง 1/1 รายการ] | |||||||||
BibComment |
| คอมเมนท์ทรัพยากรรายการนี้ |
|
|